000 00362cam a2200145ua 4500
041 _aeng
_h
082 _a823.308
_bHAR/JU
100 _aHardy, Thomas.
245 _aJude the obscure /
_cThomas Hardy.
_hTextual Documents
260 _aLondon :
_bMacMillan and Company Limited ,
_c1960.
300 _a494 ; .
504 _a
942 _cBK
999 _c3050
_d3050